00650 a2200181 4500003000500000005001700005040000900022082001500031100002300046245004100069260003300110300001300143505011400156650003200270942002400302999001900326952012300345NUST20221209143110.0 cNust a297.55,ABD aAbdur, Rauf973276 aHajj & Umrah Guide /cDr Abdur Rauf aKarachibFerozsons Ltdc1995 a230:p .: aPart-1: A Comprehensive guide to Hajj and Umrah (Page-1) Part-2: Everyday Arabic for all Pilgrims (Page-169). aHajj & Umrah Guide9104562 2ddccBKk297.55,ABD c185393d185393 00102ddc4070aMCSbMCScGENd2016-12-12o297.55,ABDpMCS1998r2016-12-08w2016-12-12yBKzAlmirah No.47, Shelf No.4